Detalles MARC
| 000 -LIDER |
| fixed length control field |
02298nam a2200337 a 4500 |
| 001 - NÚMERO DE CONTROL |
| Identificador de número de control |
|
| 003 - IDENTIFICACDOR DE NÚMERO DE CONTROL |
| control field |
OSt |
| 005 - DATE AND TIME OF LATEST TRANSACTION |
| control field |
20220114100147.0 |
| 008 - ELEMENTOS DE LONGITUD FIJA |
| fixed length control field |
090814s2004 dr ac 001 0 spa d |
| 020 ## - ISBN |
| International Standard Book Number |
9993448133 |
| 040 ## - FUENTE DE CATALOGACIÓN |
| Agencia que crea de manera original el registro |
DO-SdBNP |
| Idioma de catalogación |
spa |
| Agencia que realiza la transcripción |
BPMSU |
| 082 ## - NÚMERO DE CLASIFICACIÓN DECIMAL DE DEWEY |
| Classification number |
342.7293 |
| Item number |
C758m 2004 |
| Edition number |
22 |
| 240 00 - TITULO UNIFORME |
| Título uniforme |
Constitución. |
| Fecha de una obra |
1963 |
| 245 00 - MENCIÓN DE TITULO |
| Título |
Constitución de 1963, 40 años después : |
| Subtítulo |
vigencia y perspectivas / |
| Mención de responsabilidad |
edición Aura Celeste Fernández R. ... [et al.] ; prólogo Jorge Nef. |
| 246 13 - VARIACION DEL TÍTULO |
| Título propiamente dicho o título corto |
Ponencias del Panel realizado en UNIBE el 29 de abril de 2003 |
| 260 ## - PUBLICACIÓN, DISTRIBUCIÓN, ETC. (PIE DE IMPRENTA) |
| Lugar de publicación, distribución, etc |
Santo Domingo : |
| Nombre del editor, distribuidor, etc. |
UNIBE, |
| Fecha de publicación, distribución, etc |
2004. |
| 300 ## - DESCRIPCIÓN FÍSICA |
| Extensión |
xli, 230 p. : |
| Otros detalles físicos |
il., retrs. ; |
| Dimensiones |
22 cm. |
| 500 ## - NOTA GENERAL |
| Nota general |
Con la colaboración del Programa de Estudios Latinoamericanos, caribeños y Latinos de la Universidad del Sur de Florida |
| 504 ## - NOTA DE BIBLIOGRAFÍA, ETC. |
| Bibliography, etc |
Incluye bibliografía y notas al pie de páginas. |
| 504 ## - NOTA DE BIBLIOGRAFÍA, ETC. |
| Bibliography, etc |
Bibliografía: p.39-41. |
| 505 0# - NOTA DE CONTENIDO |
| Información miscelánea |
Presentación / |
| Mención de responsabilidad |
Aura Celeste Fernández R. -- |
| Información miscelánea |
Prólogo / |
| Mención de responsabilidad |
Jorge Nef. -- |
| Título |
Palabras de bienvenida al panel / |
| Mención de responsabilidad |
Gustavo Batista Vergas; Diomedes Núñez Polanco; Aura Celeste Fernández R.; Guillermo Moreno -- |
| Título |
Los derechos sociales en la Constitución de 1963 / |
| Mención de responsabilidad |
Rafael f. Albuquerque -- |
| Título |
La Constitución de 1963 y sus antecedentes / |
| Mención de responsabilidad |
Luis Gómez Pérez -- |
| Título |
Derechos humanos en la Constitución de 1963 / |
| Mención de responsabilidad |
Cesar Pina Toribio -- |
| Título |
Factores que incidieron en formación de la Constitución de 1963 / |
| Mención de responsabilidad |
Flavio Darío Espinal Jacobo -- |
| Título |
Trascendencia histórica de la Constitución de 1963: insinuaciones para la renovación democrática y popular dominicana / |
| Mención de responsabilidad |
José Antínoe Fiallo Billini -- |
| Título |
Impacto de la Constitución de 1963 en la prensa / |
| Mención de responsabilidad |
Rafael Molina Morillo -- |
| Título |
El legado de la Constitución de 1963 a la reforma constitucional pendiente / |
| Mención de responsabilidad |
Leyda Margarita Piña -- |
| Información miscelánea |
Palabras de cierre del evento / |
| Mención de responsabilidad |
Daniel Beltré -- |
| Información miscelánea |
Anexos. |
| 590 ## - NOTA LOCAL |
| Texto de la nota local |
Inventariado,2019/VM |
| 651 #4 - ENCABEZAMIENTO DE MATERIA--NOMBRE GEOGRÁFICO |
| Nombre geográfico |
República Dominicana |
| Subdivisión temática general |
Constitución,1963 |
| 651 #4 - ENCABEZAMIENTO DE MATERIA--NOMBRE GEOGRÁFICO |
| Nombre geográfico |
República Dominicana |
| Subdivisión temática general |
Derecho constitucional |
| -- |
Ensayos, conferencias, etc. |
| 700 1# - ASIENTO SECUNDARIO -- NOMBRE PERSONAL |
| Nombre personal |
Fernández R., Aura Celeste, |
| Fechas asociadas con el nombre |
1958- |
| 700 1# - ASIENTO SECUNDARIO -- NOMBRE PERSONAL |
| Nombre personal |
Nef, Jorge, |
| Mención de responsabilidad |
pról. |
| 710 1# - ASIENTO SECUNDARIO -- NOMBRE CORPORATIVO |
| Nombre corporativo o de jurisdicción |
Universidad Iberoamericana (República Dominicana) |
| 710 1# - ASIENTO SECUNDARIO -- NOMBRE CORPORATIVO |
| Nombre corporativo o de jurisdicción |
Fundación Juan Bosch (República Dominicana) |
| 910 ## - VALIDACIÓN |
| Validación |
VMateo V. |
| 942 ## - ADDED ENTRY ELEMENTS (KOHA) |
| Source of classification or shelving scheme |
Dewey Decimal Classification |
| Koha item type |
Libros |